000 00669nam a2200229 a 4500
008
020 _a0340513713 (pbk.)
049 _aMAIN
090 _aT385MET
100 _aMetherell, Phil
245 _aAutocad workbook /
_cPhil Metherell.
260 _aLondon :
_bHodder & Stoughton,
_c1989.
300 _a1 v. (various pagings) :
_bill. ;
_c25 cm.
500 _aIncludes index.
630 _aAutocad
_vHandbooks, manuals, etc.
650 _aComputer graphics
_vHandbooks, manuals, etc.
907 _a.b10114555
_b23-01-07
_c19-03-04
003
005 20230123133642.0
040 _cNUST
942 _cBOOKS
_kT385MET
999 _c152285
_d152285